Ex wives - Six - Statistiken

Allgemein
  • Dieses Quiz wurde 9 mal gespielt
  • Das Durchschnittsergebnis liegt bei 264 aus 500
Antwortstatistiken
Antwort % Korrekt
a
100%
A
100%
he
100%
i
100%
I
100%
wives
100%
am
86%
be
86%
Five
86%
in
86%
In
86%
Is
86%
is
86%
K
86%
one
86%
One
86%
the
86%
to
86%
we
86%
We
86%
you
86%
You
86%
are
71%
as
71%
beat
71%
bet
71%
But
71%
but
71%
ex
71%
Four
71%
hear
71%
it
71%
know
71%
Know
71%
me
71%
me,
71%
My
71%
my
71%
name
71%
six
71%
Six
71%
that
71%
Two
71%
up
71%
And
57%
and
57%
Anne
57%
Beheaded
57%
beheaded,
57%
born
57%
did
57%
Died
57%
died,
57%
died
57%
Divorced
57%
Divorced,
57%
divorced,
57%
do
57%
Do
57%
down
57%
end
57%
girl
57%
good
57%
her
57%
how
57%
if
57%
just
57%
life
57%
like
57%
little
57%
loved
57%
more
57%
not
57%
or
57%
our
57%
Parr
57%
read
57%
red
57%
saw
57%
See
57%
see
57%
So
57%
story
57%
Survived
57%
survived
57%
tell
57%
think
57%
this
57%
Three
57%
tonight,
57%
tonight
57%
Tonight,
57%
try
57%
Was
57%
was
57%
When
57%
who
57%
Why
57%
your
57%
again
43%
all
43%
All
43%
Aragon
43%
around
43%
begun
43%
bin
43%
Boleyn
43%
Catherine
43%
church
43%
dump
43%
England
43%
faces
43%
far
43%
far?
43%
final
43%
for
43%
For
43%
from
43%
funny
43%
get
43%
Get
43%
got
43%
green
43%
head?
43%
head
43%
heard
43%
henrys
43%
here
43%
him
43%
his
43%
Howard
43%
husbands,
43%
Ich
43%
I‘m
43%
its
43%
Ja!
43%
Jane
43%
Katherine
43%
let
43%
Listen
43%
Live
43%
live
43%
lock
43%
look
43%
lost
43%
loyalty
43%
married
43%
may
43%
names,
43%
never
43%
newly
43%
next
43%
of
43%
only
43%
out
43%
outside
43%
paragon
43%
pen
43%
pic
43%
portrait
43%
Royal
43%
royalty
43%
sexy
43%
Seymour
43%
sleeves
43%
son
43%
sons
43%
Stick
43%
suddenly
43%
truly
43%
wanna
43%
way
43%
wife
43%
yeah
43%
years
43%
24
29%
about
29%
before
29%
broke
29%
Cleeves
29%
consort
29%
didn´t
29%
discuss
29%
disgraces
29%
don´t
29%
ears
29%
ended
29%
ever
29%
Every
29%
fame,
29%
Flush
29%
fun´s
29%
gonna
29%
has
29%
histo-remix
29%
i´m
29%
I´m
29%
lipstick´s
29%
lose
29%
microphone
29%
overthrown
29%
pair
29%
picked
29%
Prick
29%
promiscuity
29%
rose
29%
said
29%
seem
29%
Show
29%
survivor
29%
thorns
29%
time
29%
Tudor
29%
used
29%
Vatican
29%
wed
29%
Welcome
29%
we‘ll
29%
Well
29%
We‘re
29%
we‘re
29%
what
29%
you´ll
29%
add
14%
bee?
14%
break
14%
cause
14%
Cause
14%
Court
14%
day
14%
doesn‘t
14%
em
14%
Everybody
14%
ex-wives
14%
find
14%
glories
14%
hands
14%
History‘s
14%
hit
14%
it´s
14%
knows
14%
night
14%
prefix
14%
ready
14%
Renaissance
14%
revealing
14%
rhyme
14%
stupid
14%
Switching
14%
taking
14%
til
14%
truth
14%
unfriended
14%
want
14%
we´re
14%
word
14%
been
0%
beheahed,
0%
buzzing
0%
ceiling
0%
Dancing
0%
done
0%
done,
0%
dozen
0%
flow
0%
half
0%
I‘ve
0%
justice
0%
Once
0%
ourselves
0%
party
0%
queen
0%
Raising
0%
roof
0%
start
0%
there´s
0%
through
0%
till
0%
we´ll
0%
You‘re
0%
you‘re
0%
you‘ve
0%
Keine übereinstimmenden Quizze gefunden
Verteilung der Resultate
Anzahl Personen mit jedem Resultat
Perzentil nach korrekt beantworteten Fragen
Ihre Resultats-Entwicklung
Sie haben dieses Quiz noch nicht gespielt